00554nam a2200181Ia 4500003000400000008004100004040001600045082001600061100002300077245008300100260005100183300001000234650003400244650003000278650001900308650002300327650002200350GCL140319s9999 xx 000 0 eng d aGCL / cGCL04a720.92bW M1 aWALLACE, URLLIAM E10aMICHELANGELO AT SAN LORENZO: THE GENIUS AS ENTREPRENEUR / cWALLACE, URLLIAM E a[S.N] : bCAMBRIDGE UNIVERSITY PRESS ، c1995 a266 P04aCRITICISM AND INTER PRETATION04aARCHITECTURE, RENAISSANCE04aANGELO, MICHEL04aSAN LORENZO CHURCH04aFLARENCE BUILDING